| 000 | 01172aab a2200229 i 4500 | ||
|---|---|---|---|
| 001 | 768714001 | ||
| 003 | CO-MdFUSB | ||
| 005 | 20240808154159.0 | ||
| 008 | 240808t2000 -us||||| |||| 00| 0 eng d | ||
| 040 |
_bspa _cCO-MdFUSB |
||
| 041 | _aeng | ||
| 100 | 1 |
_aAskew, Thomas A. _eautor |
|
| 245 | 1 | 4 |
_aThe New York 1900 ecumenical missionary conference : _ba centennial reflection _c/ Thomas A. Askew |
| 520 | _aLa Conferencia Misionera Ecuménica de Nueva York (NYEMC), fue el evento religioso formal más grande en la historia de la República hasta esa fecha y la conferencia misionera internacional con mayor asistencia de la historia. Este ensayo reconoce el centenario de la Conferencia Misionera Ecuménica de Nueva York y ofrece perspectivas seleccionadas sobre esa época pasada de dinámica misionera. | ||
| 546 | _aTexto en inglés. | ||
| 650 | 7 |
_aCristianismo y cultura _vCongresos y asambleas _96962 |
|
| 650 | 0 |
_aMisiones _9154 |
|
| 650 | 0 |
_aEvangelización _9362 |
|
| 773 | 0 |
_tInternational Bulletin _049483 _960998 _gVolumen 24, (número 4, 2000), páginas: 146 - 154 _qpágina: 146 |
|
| 942 | _cANA | ||
| 945 | _aCatherine Arias Álvarez - Practicante SENA | ||
| 999 |
_c57258 _d57258 |
||